Little fingers / (Record no. 62420)

MARC details
000 -LEADER
fixed length control field 00489nam a22001577a 4500
005 - DATE AND TIME OF LATEST TRANSACTION
control field 20120209124855.0
020 ## - INTERNATIONAL STANDARD BOOK NUMBER
International Standard Book Number 8181468015
Terms of availability 95.00
020 ## - INTERNATIONAL STANDARD BOOK NUMBER
International Standard Book Number 978818468017
Terms of availability 95.00
100 ## - MAIN ENTRY--PERSONAL NAME
Personal name Dhir,Sheila
245 ## - TITLE STATEMENT
Title Little fingers /
Statement of responsibility, etc by Sheila Dhir ; illustrated by Mugadha Sethi
260 ## - PUBLICATION, DISTRIBUTION, ETC. (IMPRINT)
Place of publication, distribution, etc Chennai
Name of publisher, distributor, etc Tulika Publishers
Date of publication, distribution, etc 2010
270 ## - ADDRESS
Address 13,Prithvi Avenue,Abhiramapuram,
City Chennai
Postal code 600018
300 ## - PHYSICAL DESCRIPTION
Extent 24p.
Other physical details ill
Dimensions 18cm(pbk)
700 ## - ADDED ENTRY--PERSONAL NAME
Personal name Sethi,Mugadha
9 (RLIN) 41343
942 ## - ADDED ENTRY ELEMENTS (KOHA)
Source of classification or shelving scheme Dewey Decimal Classification
Item type English Books
Call number suffix DHI

No items available.


© Delhi Public Library
Hit Counter
free hit counter